[Event "45th FIDE Chess Olympiad Open"]
[Site "Budapest, Hungary"]
[Date "2024.09.22"]
[Round "11"]
[White "Asefi, Zaheeruddeen"]
[Black "Alsaqer, Meshal"]
[Result "1-0"]
[Board "283"]
[WhiteFideId "11700025"]
[BlackFideId "10301771"]
[WhiteTitle "FM"]
[WhiteElo "1947"]
[BlackElo "1815"]
[WhiteTeam "Afghanistan"]
[BlackTeam "Kuwait"]
[WhiteClock "0:28:03"]
[BlackClock "0:49:13"]
[Variant "Standard"]

1. d4 {[%clk 1:30:42]}  d5 {[%clk 1:30:45]} 2. Nf3 {[%clk 1:31:06]}  Nf6 {[%clk 1:30:59]} 3. c4 {[%clk 1:31:30]}  e6 {[%clk 1:31:24]} 4. Nc3 {[%clk 1:31:56]}  Be7 {[%clk 1:31:47]} 5. Bg5 {[%clk 1:32:09]}  O-O {[%clk 1:31:49]} 6. e3 {[%clk 1:32:33]}  Nbd7 {[%clk 1:31:38]} 7. Rc1 {[%clk 1:32:54]}  h6 {[%clk 1:31:34]} 8. Bh4 {[%clk 1:32:28]}  dxc4 {[%clk 1:25:46]} 9. Bxc4 {[%clk 1:33:05]}  c5 {[%clk 1:25:50]} 10. O-O {[%clk 1:32:39]}  b6 {[%clk 1:25:10]} 11. Qe2 {[%clk 1:26:47]}  Bb7 {[%clk 1:24:51]} 12. Rfd1 {[%clk 1:27:09]}  Qc8 {[%clk 1:22:26]} 13. e4 {[%clk 1:21:12]}  cxd4 {[%clk 1:20:36]} 14. Nxd4 {[%clk 1:19:59]}  Qc5 {[%clk 1:16:08]} 15. Nxe6 {[%clk 1:00:27]}  fxe6 {[%clk 1:13:03]} 16. Bxe6+ {[%clk 1:00:38]}  Kh8 {[%clk 1:13:20]} 17. Nd5 {[%clk 0:46:30]}  Qd6 {[%clk 1:10:32]} 18. Nc7 {[%clk 0:45:58]}  Qe5 {[%clk 1:05:28]} 19. Bg3 {[%clk 0:41:05]}  Qa5 {[%clk 1:04:20]} 20. Nxa8 {[%clk 0:40:45]}  Bxa8 {[%clk 0:59:48]} 21. Bxd7 {[%clk 0:36:11]}  Nxe4 {[%clk 0:57:10]} 22. Rc8 {[%clk 0:32:21]}  Rxc8 {[%clk 0:55:48]} 23. Bxc8 {[%clk 0:32:17]}  Qxa2 {[%clk 0:54:41]} 24. Bf5 {[%clk 0:30:15]}  Qa4 {[%clk 0:49:13]} 25. Bxe4 {[%clk 0:28:03]} 1-0

[Event "45th FIDE Chess Olympiad Open"]
[Site "Budapest, Hungary"]
[Date "2024.09.22"]
[Round "11"]
[White "Hussain, Hashem"]
[Black "Abdul Khaliq, Wais"]
[Result "0-1"]
[Board "284"]
[WhiteFideId "10300716"]
[BlackFideId "11700467"]
[WhiteElo "1807"]
[BlackElo "1968"]
[WhiteTeam "Kuwait"]
[BlackTeam "Afghanistan"]
[WhiteClock "0:08:38"]
[BlackClock "0:37:26"]
[Variant "Standard"]

1. e4 {[%clk 1:30:55]}  c6 {[%clk 1:30:40]} 2. d4 {[%clk 1:31:17]}  d5 {[%clk 1:31:04]} 3. e5 {[%clk 1:31:32]}  c5 {[%clk 1:28:58]} 4. c3 {[%clk 1:31:42]}  Nc6 {[%clk 1:29:20]} 5. Be2 {[%clk 1:31:30]}  Bf5 {[%clk 1:27:05]} 6. Nf3 {[%clk 1:31:20]}  e6 {[%clk 1:26:51]} 7. O-O {[%clk 1:30:29]}  Be7 {[%clk 1:27:16]} 8. h3 {[%clk 1:27:36]}  h5 {[%clk 1:24:43]} 9. Na3 {[%clk 1:24:16]}  cxd4 {[%clk 1:16:30]} 10. cxd4 {[%clk 1:19:05]}  g5 {[%clk 1:16:43]} 11. Nh2 {[%clk 1:06:19]}  g4 {[%clk 1:12:53]} 12. hxg4 {[%clk 0:58:32]}  hxg4 {[%clk 1:12:53]} 13. Bf4 {[%clk 0:53:56]}  Qb6 {[%clk 1:06:27]} 14. Bb5 {[%clk 0:38:13]}  Rc8 {[%clk 1:01:02]} 15. Rc1 {[%clk 0:32:36]}  a6 {[%clk 1:00:35]} 16. Bxc6+ {[%clk 0:32:24]}  bxc6 {[%clk 1:00:08]} 17. Qa4 {[%clk 0:31:28]}  Qxb2 {[%clk 0:49:02]} 18. Rxc6 {[%clk 0:31:01]}  Rxc6 {[%clk 0:49:20]} 19. Qxc6+ {[%clk 0:31:24]}  Kf8 {[%clk 0:49:41]} 20. Bc1 {[%clk 0:29:18]}  Qxd4 {[%clk 0:49:23]} 21. Qxa6 {[%clk 0:27:43]}  Qxe5 {[%clk 0:49:04]} 22. g3 {[%clk 0:27:39]}  Be4 {[%clk 0:49:19]} 23. Qc8+ {[%clk 0:15:19]}  Kg7 {[%clk 0:43:33]} 24. f4 {[%clk 0:08:25]}  Qd4+ {[%clk 0:37:41]} 25. Rf2 {[%clk 0:08:38]}  Rxh2 {[%clk 0:37:26]} 0-1

[Event "45th FIDE Chess Olympiad Open"]
[Site "Budapest, Hungary"]
[Date "2024.09.22"]
[Round "11"]
[White "Khalema, Sechaba"]
[Black "Cogan, Nicolas"]
[Result "0-1"]
[Board "285"]
[WhiteFideId "14317176"]
[BlackFideId "679356"]
[WhiteElo "1779"]
[BlackElo "2112"]
[WhiteTeam "Lesotho"]
[BlackTeam "Cote d’Ivoire"]
[WhiteClock "0:48:20"]
[BlackClock "0:15:29"]
[Variant "Standard"]

1. d4 {[%clk 1:30:36]}  Nf6 {[%clk 1:30:55]} 2. c4 {[%clk 1:30:17]}  e6 {[%clk 1:31:12]} 3. Nf3 {[%clk 1:30:10]}  d5 {[%clk 1:31:22]} 4. Nc3 {[%clk 1:30:11]}  Bb4 {[%clk 1:31:45]} 5. Qa4+ {[%clk 1:25:43]}  Nc6 {[%clk 1:32:00]} 6. Ne5 {[%clk 1:26:00]}  Bd7 {[%clk 1:28:58]} 7. Nxc6 {[%clk 1:23:07]}  Bxc3+ {[%clk 1:29:11]} 8. bxc3 {[%clk 1:23:29]}  Bxc6 {[%clk 1:29:22]} 9. Qb4 {[%clk 1:23:43]}  dxc4 {[%clk 1:20:39]} 10. Qxc4 {[%clk 1:23:56]}  Ne4 {[%clk 1:20:49]} 11. Be3 {[%clk 1:23:41]}  O-O {[%clk 1:16:26]} 12. f3 {[%clk 1:23:08]}  Bd5 {[%clk 1:14:09]} 13. Qd3 {[%clk 1:22:09]}  Nd6 {[%clk 1:14:22]} 14. g3 {[%clk 1:18:51]}  c5 {[%clk 0:52:34]} 15. Bg2 {[%clk 1:18:35]}  cxd4 {[%clk 0:51:10]} 16. cxd4 {[%clk 1:18:56]}  Rc8 {[%clk 0:39:01]} 17. O-O {[%clk 1:11:43]}  Qa5 {[%clk 0:37:35]} 18. Bf4 {[%clk 0:58:39]}  Bc4 {[%clk 0:33:13]} 19. Qd1 {[%clk 0:58:16]}  Nb5 {[%clk 0:31:49]} 20. Rf2 {[%clk 0:54:34]}  Rfd8 {[%clk 0:26:51]} 21. e3 {[%clk 0:45:31]}  f6 {[%clk 0:23:29]} 22. g4 {[%clk 0:38:19]}  e5 {[%clk 0:23:16]} 23. Bg3 {[%clk 0:38:22]}  exd4 {[%clk 0:23:10]} 24. exd4 {[%clk 0:38:47]}  Nxd4 {[%clk 0:22:20]} 25. Qb1 {[%clk 0:27:40]}  Qc3 {[%clk 0:16:26]} 26. Qe1 {[%clk 0:23:45]}  Ne2+ {[%clk 0:10:46]} 27. Kh1 {[%clk 0:23:17]}  Nxg3+ {[%clk 0:10:17]} 28. hxg3 {[%clk 0:23:37]}  Qxe1+ {[%clk 0:10:04]} 29. Rxe1 {[%clk 0:23:59]}  Kf7 {[%clk 0:08:23]} 30. Kg1 {[%clk 0:23:39]}  b5 {[%clk 0:04:40]} 31. Rb2 {[%clk 0:23:35]}  a5 {[%clk 0:01:56]} 32. Bf1 {[%clk 0:23:38]}  Bxf1 {[%clk 0:02:07]} 33. Kxf1 {[%clk 0:23:53]}  b4 {[%clk 0:02:17]} 34. g5 {[%clk 0:24:17]}  Rc3 {[%clk 0:02:17]} 35. gxf6 {[%clk 0:23:43]}  Rxf3+ {[%clk 0:01:55]} 36. Kg2 {[%clk 0:23:47]}  Rxf6 {[%clk 0:02:09]} 37. Re5 {[%clk 0:24:04]}  Ra8 {[%clk 0:01:44]} 38. a3 {[%clk 0:24:27]}  Rb6 {[%clk 0:00:34]} 39. axb4 {[%clk 0:24:38]}  axb4 {[%clk 0:00:44]} 40. Rb3 {[%clk 0:24:56]}  Ra2+ {[%clk 0:00:36]} 41. Kh3 {[%clk 0:25:09]}  Ra8 {[%clk 0:24:25]} 42. g4 {[%clk 0:55:10]}  Kf6 {[%clk 0:21:39]} 43. Re4 {[%clk 0:54:55]}  Rab8 {[%clk 0:21:56]} 44. Kh4 {[%clk 0:55:09]}  h6 {[%clk 0:21:52]} 45. Kh5 {[%clk 0:55:14]}  Rb5+ {[%clk 0:21:43]} 46. Kh4 {[%clk 0:55:37]}  R8b6 {[%clk 0:21:27]} 47. Rf3+ {[%clk 0:55:34]}  Kg6 {[%clk 0:21:43]} 48. Rb3 {[%clk 0:55:58]}  h5 {[%clk 0:17:21]} 49. Rf4 {[%clk 0:53:42]}  hxg4 {[%clk 0:17:02]} 50. Kxg4 {[%clk 0:53:59]}  Rg5+ {[%clk 0:16:49]} 51. Kf3 {[%clk 0:54:13]}  Rf5 {[%clk 0:16:17]} 52. Kg4 {[%clk 0:53:57]}  Rxf4+ {[%clk 0:16:16]} 53. Kxf4 {[%clk 0:54:18]}  Kf6 {[%clk 0:16:11]} 54. Ke4 {[%clk 0:54:23]}  g5 {[%clk 0:15:49]} 55. Rf3+ {[%clk 0:54:20]}  Kg6 {[%clk 0:15:58]} 56. Rb3 {[%clk 0:54:43]}  Rb5 {[%clk 0:15:18]} 57. Kd4 {[%clk 0:54:53]}  g4 {[%clk 0:15:28]} 58. Rg3 {[%clk 0:53:13]}  Kg5 {[%clk 0:15:04]} 59. Kc4 {[%clk 0:52:07]}  Rb8 {[%clk 0:15:22]} 60. Kb3 {[%clk 0:51:43]}  Kf4 {[%clk 0:15:41]} 61. Rg1 {[%clk 0:51:04]}  g3 {[%clk 0:15:23]} 62. Rf1+ {[%clk 0:49:50]}  Kg4 {[%clk 0:15:41]} 63. Rd1 {[%clk 0:48:41]}  g2 {[%clk 0:15:44]} 64. Kc2 {[%clk 0:48:20]}  Kg3 {[%clk 0:15:29]} 0-1

[Event "45th FIDE Chess Olympiad Open"]
[Site "Budapest, Hungary"]
[Date "2024.09.22"]
[Round "11"]
[White "De Gondo, Simplice Armel"]
[Black "Tsephe, Lebajoa"]
[Result "0-1"]
[Board "286"]
[WhiteFideId "14306310"]
[BlackFideId "21302197"]
[WhiteTitle "FM"]
[WhiteElo "2045"]
[BlackElo "1900"]
[WhiteTeam "Cote d’Ivoire"]
[BlackTeam "Lesotho"]
[WhiteClock "0:24:40"]
[BlackClock "0:01:36"]
[Variant "Standard"]

1. e4 {[%clk 1:30:57]}  c5 {[%clk 1:30:40]} 2. Nf3 {[%clk 1:31:22]}  d6 {[%clk 1:30:46]} 3. d4 {[%clk 1:31:34]}  cxd4 {[%clk 1:30:11]} 4. Nxd4 {[%clk 1:32:03]}  Nf6 {[%clk 1:30:30]} 5. Nc3 {[%clk 1:32:31]}  a6 {[%clk 1:30:44]} 6. Bg5 {[%clk 1:32:59]}  e6 {[%clk 1:29:48]} 7. f4 {[%clk 1:33:26]}  Be7 {[%clk 1:30:10]} 8. Qf3 {[%clk 1:33:46]}  Qc7 {[%clk 1:30:29]} 9. O-O-O {[%clk 1:34:13]}  Nbd7 {[%clk 1:30:49]} 10. Bd3 {[%clk 1:34:39]}  b5 {[%clk 1:22:31]} 11. Rhe1 {[%clk 1:34:59]}  Bb7 {[%clk 1:21:43]} 12. Qg3 {[%clk 1:19:21]}  b4 {[%clk 0:49:46]} 13. Nce2 {[%clk 1:08:40]}  Nc5 {[%clk 0:35:22]} 14. Bxf6 {[%clk 1:07:52]}  Bxf6 {[%clk 0:35:36]} 15. Qe3 {[%clk 1:07:06]}  h6 {[%clk 0:30:11]} 16. Kb1 {[%clk 1:07:00]}  O-O-O {[%clk 0:25:45]} 17. Nf3 {[%clk 1:05:24]}  e5 {[%clk 0:24:06]} 18. Ng3 {[%clk 1:03:24]}  exf4 {[%clk 0:16:50]} 19. Qxf4 {[%clk 1:02:42]}  Na4 {[%clk 0:16:34]} 20. e5 {[%clk 0:58:47]}  dxe5 {[%clk 0:16:55]} 21. Bf5+ {[%clk 0:57:46]}  Kb8 {[%clk 0:17:14]} 22. Qxb4 {[%clk 0:55:14]}  Nc5 {[%clk 0:16:33]} 23. Ne4 {[%clk 0:55:18]}  Be7 {[%clk 0:15:44]} 24. Nxc5 {[%clk 0:55:10]}  Bxc5 {[%clk 0:16:06]} 25. Qb3 {[%clk 0:54:57]}  Ka7 {[%clk 0:14:50]} 26. Rd3 {[%clk 0:53:04]}  g6 {[%clk 0:08:28]} 27. Be4 {[%clk 0:53:26]}  Bc8 {[%clk 0:08:54]} 28. Bd5 {[%clk 0:53:07]}  f6 {[%clk 0:05:32]} 29. a3 {[%clk 0:50:28]}  Qb6 {[%clk 0:04:32]} 30. Qc4 {[%clk 0:50:18]}  Qb5 {[%clk 0:03:42]} 31. b4 {[%clk 0:49:27]}  Qxc4 {[%clk 0:03:14]} 32. Bxc4 {[%clk 0:49:55]}  Be7 {[%clk 0:03:14]} 33. Nd4 {[%clk 0:48:49]}  Kb6 {[%clk 0:02:33]} 34. Nb3 {[%clk 0:49:09]}  Bf5 {[%clk 0:02:37]} 35. Rxd8 {[%clk 0:48:40]}  Rxd8 {[%clk 0:03:05]} 36. Kb2 {[%clk 0:48:22]}  h5 {[%clk 0:01:50]} 37. h3 {[%clk 0:48:51]}  h4 {[%clk 0:02:03]} 38. Re2 {[%clk 0:42:42]}  Bc8 {[%clk 0:00:55]} 39. Bd3 {[%clk 0:39:53]}  f5 {[%clk 0:01:11]} 40. Na5 {[%clk 0:39:18]}  e4 {[%clk 0:01:32]} 41. Bc4 {[%clk 0:38:58]}  Bf6+ {[%clk 0:01:40]} 42. c3 {[%clk 0:38:04]}  g5 {[%clk 0:23:12]} 43. Nb3 {[%clk 1:08:14]}  Re8 {[%clk 0:20:17]} 44. Nd2 {[%clk 0:58:07]}  Bd7 {[%clk 0:19:16]} 45. Kb3 {[%clk 0:57:43]}  Re7 {[%clk 0:17:14]} 46. a4 {[%clk 0:58:12]}  Be8 {[%clk 0:17:24]} 47. a5+ {[%clk 0:58:20]}  Ka7 {[%clk 0:17:28]} 48. Bd5 {[%clk 0:58:27]}  Bh5 {[%clk 0:17:39]} 49. Re3 {[%clk 0:58:41]}  Be5 {[%clk 0:13:22]} 50. Nxe4 {[%clk 0:58:41]}  Bf4 {[%clk 0:10:17]} 51. Re1 {[%clk 0:52:58]}  Bd2 {[%clk 0:10:17]} 52. Nxd2 {[%clk 0:52:32]}  Rxe1 {[%clk 0:00:00]} 53. c4 {[%clk 0:52:32]}  Re3+ {[%clk 0:08:53]} 54. Kc2 {[%clk 0:52:32]}  Be2 {[%clk 0:08:19]} 55. Nf3 {[%clk 0:45:43]}  Bxf3 {[%clk 0:08:19]} 56. gxf3 {[%clk 0:45:43]}  Re2+ {[%clk 0:07:59]} 57. Kb3 {[%clk 0:46:11]}  Rh2 {[%clk 0:07:08]} 58. b5 {[%clk 0:47:03]}  axb5 {[%clk 0:07:08]} 59. cxb5 {[%clk 0:46:11]}  Rd2 {[%clk 0:02:50]} 60. Bc4 {[%clk 0:46:11]}  g4 {[%clk 0:02:50]} 61. fxg4 {[%clk 0:40:46]}  fxg4 {[%clk 0:00:56]} 62. Kc3 {[%clk 0:40:57]}  Rd1 {[%clk 0:00:35]} 63. Be2 {[%clk 0:36:38]}  Rg1 {[%clk 0:00:35]} 64. b6+ {[%clk 0:35:46]}  Kb7 {[%clk 0:00:35]} 65. hxg4 {[%clk 0:31:39]}  Rg3+ {[%clk 0:01:02]} 66. Kd4 {[%clk 0:31:26]}  Ra3 {[%clk 0:00:49]} 67. g5 {[%clk 0:25:43]}  Rxa5 {[%clk 0:00:48]} 68. Bf3+ {[%clk 0:24:09]}  Kxb6 {[%clk 0:01:06]} 69. g6 {[%clk 0:24:33]}  Rg5 {[%clk 0:01:35]} 70. Be4 {[%clk 0:24:10]}  h3 {[%clk 0:00:55]} 71. Ke3 {[%clk 0:24:33]}  h2 {[%clk 0:01:16]} 72. Kf4 {[%clk 0:24:40]}  Rxg6 {[%clk 0:01:36]} 0-1

[Event "45th FIDE Chess Olympiad Open"]
[Site "Budapest, Hungary"]
[Date "2024.09.22"]
[Round "11"]
[White "Karabo Mokete"]
[Black "Manan, Yoboue Hermann"]
[Result "0-1"]
[Board "287"]
[WhiteFideId "21303622"]
[BlackFideId "20800061"]
[BlackTitle "CM"]
[WhiteElo "1836"]
[BlackElo "2030"]
[WhiteTeam "Lesotho"]
[BlackTeam "Cote d’Ivoire"]
[WhiteClock "0:00:39"]
[BlackClock "0:09:48"]
[Variant "Standard"]

1. d4 {[%clk 1:30:07]}  Nf6 {[%clk 1:30:36]} 2. Nf3 {[%clk 1:30:18]}  d5 {[%clk 1:30:44]} 3. c4 {[%clk 1:30:25]}  e6 {[%clk 1:30:41]} 4. g3 {[%clk 1:30:40]}  Be7 {[%clk 1:29:58]} 5. Bg2 {[%clk 1:31:01]}  c5 {[%clk 1:29:53]} 6. cxd5 {[%clk 1:27:54]}  exd5 {[%clk 1:29:04]} 7. Nc3 {[%clk 1:25:21]}  Nc6 {[%clk 1:28:23]} 8. O-O {[%clk 1:25:31]}  O-O {[%clk 1:27:48]} 9. h3 {[%clk 1:23:21]}  Ne4 {[%clk 1:22:59]} 10. Be3 {[%clk 1:09:28]}  Bf6 {[%clk 1:08:36]} 11. Rc1 {[%clk 1:07:16]}  Re8 {[%clk 0:59:58]} 12. Bf4 {[%clk 0:38:16]}  Nxd4 {[%clk 0:49:39]} 13. Nxd4 {[%clk 0:38:36]}  Bxd4 {[%clk 0:48:15]} 14. Nb5 {[%clk 0:38:54]}  Be5 {[%clk 0:43:38]} 15. Bxe5 {[%clk 0:33:18]}  Rxe5 {[%clk 0:43:22]} 16. Bxe4 {[%clk 0:33:37]}  Rxe4 {[%clk 0:43:04]} 17. Rxc5 {[%clk 0:33:49]}  Bxh3 {[%clk 0:42:17]} 18. Rxd5 {[%clk 0:33:58]}  Qb6 {[%clk 0:37:57]} 19. Re1 {[%clk 0:33:47]}  h6 {[%clk 0:35:54]} 20. Qd3 {[%clk 0:30:14]}  Re6 {[%clk 0:31:21]} 21. Rc1 {[%clk 0:21:43]}  Rae8 {[%clk 0:26:52]} 22. Rc2 {[%clk 0:17:47]}  Bg4 {[%clk 0:19:04]} 23. Nd4 {[%clk 0:09:39]}  Re5 {[%clk 0:18:31]} 24. Rxe5 {[%clk 0:07:56]}  Rxe5 {[%clk 0:18:45]} 25. Nf3 {[%clk 0:07:51]}  Bf5 {[%clk 0:17:44]} 26. Qc3 {[%clk 0:05:53]}  Ra5 {[%clk 0:15:08]} 27. Rd2 {[%clk 0:01:37]}  Rxa2 {[%clk 0:15:11]} 28. Qe5 {[%clk 0:01:32]}  Ra1+ {[%clk 0:13:34]} 29. Kg2 {[%clk 0:01:49]}  Qe6 {[%clk 0:10:54]} 30. Qb8+ {[%clk 0:01:28]}  Kh7 {[%clk 0:10:56]} 31. Rd8 {[%clk 0:00:32]}  Qxe2 {[%clk 0:10:00]} 32. Rh8+ {[%clk 0:00:38]}  Kg6 {[%clk 0:10:15]} 33. Nh4+ {[%clk 0:01:02]}  Kh5 {[%clk 0:09:58]} 34. Re8 {[%clk 0:00:31]}  Bh3+ {[%clk 0:09:25]} 35. Kxh3 {[%clk 0:00:39]}  Qf1+ {[%clk 0:09:48]} 0-1

[Event "45th FIDE Chess Olympiad Open"]
[Site "Budapest, Hungary"]
[Date "2024.09.22"]
[Round "11"]
[White "Nean, Franck Anderson"]
[Black "Motlomelo, Lihloela"]
[Result "1-0"]
[Board "288"]
[WhiteFideId "20802617"]
[BlackFideId "21301948"]
[WhiteElo "1917"]
[BlackElo "1696"]
[WhiteTeam "Cote d’Ivoire"]
[BlackTeam "Lesotho"]
[WhiteClock "1:29:44"]
[BlackClock "0:27:10"]
[Variant "Standard"]

1. d4 {[%clk 1:30:55]}  d5 {[%clk 1:30:26]} 2. c4 {[%clk 1:31:16]}  c6 {[%clk 1:30:48]} 3. Nf3 {[%clk 1:31:38]}  e6 {[%clk 1:31:03]} 4. e3 {[%clk 1:31:10]}  Nf6 {[%clk 1:31:26]} 5. Bd3 {[%clk 1:31:09]}  dxc4 {[%clk 1:31:45]} 6. Bxc4 {[%clk 1:31:34]}  b5 {[%clk 1:31:59]} 7. Bd3 {[%clk 1:31:56]}  Bb7 {[%clk 1:31:59]} 8. a3 {[%clk 1:32:09]}  a6 {[%clk 1:32:17]} 9. Qc2 {[%clk 1:32:14]}  Nbd7 {[%clk 1:32:00]} 10. b4 {[%clk 1:32:01]}  a5 {[%clk 1:29:35]} 11. bxa5 {[%clk 1:31:54]}  Qxa5+ {[%clk 1:28:58]} 12. Bd2 {[%clk 1:32:06]}  Qb6 {[%clk 1:28:19]} 13. Qb2 {[%clk 1:31:05]}  Bd6 {[%clk 1:21:03]} 14. e4 {[%clk 1:29:45]}  Be7 {[%clk 1:20:57]} 15. O-O {[%clk 1:29:08]}  O-O {[%clk 1:09:49]} 16. Bc3 {[%clk 1:25:22]}  Rfd8 {[%clk 1:03:32]} 17. Qc2 {[%clk 1:24:37]}  Nf8 {[%clk 1:03:14]} 18. Ra2 {[%clk 1:22:38]}  Ra4 {[%clk 0:55:31]} 19. Rb2 {[%clk 1:16:22]}  Rda8 {[%clk 0:52:51]} 20. Bb4 {[%clk 1:16:24]}  Bxb4 {[%clk 0:52:49]} 21. axb4 {[%clk 1:16:47]}  Nh5 {[%clk 0:47:15]} 22. Nc3 {[%clk 1:13:54]}  Ra1 {[%clk 0:45:41]} 23. Rbb1 {[%clk 1:14:07]}  Rxb1 {[%clk 0:45:12]} 24. Rxb1 {[%clk 1:14:34]}  Nf4 {[%clk 0:45:14]} 25. Bf1 {[%clk 1:11:01]}  Qd8 {[%clk 0:42:17]} 26. g3 {[%clk 1:10:27]}  N4g6 {[%clk 0:41:57]} 27. Bg2 {[%clk 1:10:05]}  Qe7 {[%clk 0:40:34]} 28. e5 {[%clk 1:09:28]}  Nd7 {[%clk 0:37:06]} 29. Ne4 {[%clk 1:09:33]}  Nb6 {[%clk 0:36:48]} 30. Nc5 {[%clk 1:08:47]}  Nc4 {[%clk 0:36:33]} 31. Qc1 {[%clk 1:08:28]}  Nb6 {[%clk 0:33:02]} 32. Nd2 {[%clk 1:08:16]}  Nd5 {[%clk 0:33:13]} 33. Nde4 {[%clk 1:08:23]}  Rd8 {[%clk 0:29:19]} 34. Nd6 {[%clk 1:08:06]}  Ba8 {[%clk 0:28:39]} 35. Qa3 {[%clk 1:06:52]}  f6 {[%clk 0:27:38]} 36. f4 {[%clk 1:06:05]}  fxe5 {[%clk 0:27:46]} 37. dxe5 {[%clk 1:06:31]}  Nf8 {[%clk 0:24:47]} 38. Bh3 {[%clk 1:06:45]}  Nc7 {[%clk 0:23:54]} 39. Qa7 {[%clk 1:04:11]}  Rxd6 {[%clk 0:17:15]} 40. exd6 {[%clk 1:04:14]}  Qxd6 {[%clk 0:17:37]} 41. Qa2 {[%clk 1:03:40]}  g6 {[%clk 0:15:52]} 42. Qe2 {[%clk 1:02:36]}  Kf7 {[%clk 0:14:09]} 43. Rd1 {[%clk 1:02:23]}  Nd5 {[%clk 0:14:03]} 44. Qa2 {[%clk 0:59:11]}  Qb8 {[%clk 0:10:10]} 45. Qa5 {[%clk 0:57:44]}  Bb7 {[%clk 0:09:27]} 46. Rxd5 {[%clk 0:56:44]}  exd5 {[%clk 0:04:55]} 47. Qb6 {[%clk 0:56:56]}  Qa8 {[%clk 0:04:01]} 48. Qxb7+ {[%clk 0:57:13]}  Qxb7 {[%clk 0:04:11]} 49. Nxb7 {[%clk 0:57:40]}  Ne6 {[%clk 0:03:11]} 50. Bxe6+ {[%clk 0:57:48]}  Kxe6 {[%clk 0:03:37]} 51. Kf2 {[%clk 0:57:33]}  h6 {[%clk 0:02:57]} 52. Ke3 {[%clk 0:57:43]}  g5 {[%clk 0:02:54]} 53. fxg5 {[%clk 0:57:57]}  hxg5 {[%clk 0:03:16]} 54. h4 {[%clk 0:58:14]}  gxh4 {[%clk 0:03:26]} 55. gxh4 {[%clk 0:58:42]}  Ke5 {[%clk 0:30:28]} 56. h5 {[%clk 1:28:29]}  Kf5 {[%clk 0:29:49]} 57. Kd4 {[%clk 1:28:45]}  Kg5 {[%clk 0:30:06]} 58. Na5 {[%clk 1:29:06]}  Kxh5 {[%clk 0:30:04]} 59. Nxc6 {[%clk 1:29:28]}  Kg5 {[%clk 0:30:03]} 60. Kxd5 {[%clk 1:29:47]}  Kf6 {[%clk 0:27:10]} 61. Kc5 {[%clk 1:29:44]} 1-0

[Event "45th FIDE Chess Olympiad Open"]
[Site "Budapest, Hungary"]
[Date "2024.09.22"]
[Round "11"]
[White "Gurner, Jem"]
[Black "Moncur, Cecil"]
[Result "1/2-1/2"]
[Board "289"]
[WhiteFideId "67600280"]
[BlackFideId "10400583"]
[WhiteTitle "CM"]
[BlackTitle "FM"]
[WhiteElo "2091"]
[BlackElo "1839"]
[WhiteTeam "Jersey"]
[BlackTeam "Bahamas"]
[WhiteClock "0:01:17"]
[BlackClock "1:14:12"]
[Variant "Standard"]

1. d4 {[%clk 1:30:58]}  g6 {[%clk 1:30:43]} 2. c4 {[%clk 1:31:24]}  Bg7 {[%clk 1:31:08]} 3. Nc3 {[%clk 1:31:48]}  d6 {[%clk 1:31:28]} 4. e4 {[%clk 1:32:13]}  Nc6 {[%clk 1:31:52]} 5. Nge2 {[%clk 1:32:30]}  e5 {[%clk 1:31:50]} 6. d5 {[%clk 1:32:53]}  Nce7 {[%clk 1:31:26]} 7. h4 {[%clk 1:33:15]}  h6 {[%clk 1:30:29]} 8. h5 {[%clk 1:16:16]}  g5 {[%clk 1:30:14]} 9. Ng3 {[%clk 1:16:22]}  f5 {[%clk 1:28:21]} 10. exf5 {[%clk 1:16:42]}  Nxf5 {[%clk 1:27:24]} 11. Nxf5 {[%clk 1:07:10]}  Bxf5 {[%clk 1:27:25]} 12. g4 {[%clk 1:06:59]}  Bh7 {[%clk 1:26:34]} 13. Bd3 {[%clk 1:06:25]}  Nf6 {[%clk 1:19:34]} 14. Bxh7 {[%clk 1:05:31]}  Nxh7 {[%clk 1:19:49]} 15. Qd3 {[%clk 1:02:50]}  O-O {[%clk 1:17:28]} 16. Ne4 {[%clk 1:01:18]}  Nf6 {[%clk 1:13:33]} 17. f3 {[%clk 1:00:53]}  Nxe4 {[%clk 1:13:32]} 18. Qxe4 {[%clk 1:00:57]}  Qf6 {[%clk 1:12:11]} 19. O-O {[%clk 1:00:11]}  b6 {[%clk 1:12:18]} 20. Be3 {[%clk 0:56:49]}  a5 {[%clk 1:12:03]} 21. b3 {[%clk 0:56:02]}  Rf7 {[%clk 1:11:56]} 22. Kg2 {[%clk 0:55:15]}  Bf8 {[%clk 1:11:54]} 23. a3 {[%clk 0:54:10]}  Be7 {[%clk 1:11:40]} 24. b4 {[%clk 0:53:32]}  Rff8 {[%clk 1:11:35]} 25. Rfc1 {[%clk 0:45:11]}  Qf7 {[%clk 1:08:53]} 26. Rcb1 {[%clk 0:36:56]}  axb4 {[%clk 1:08:04]} 27. axb4 {[%clk 0:37:04]}  Qh7 {[%clk 1:08:21]} 28. Bd2 {[%clk 0:24:19]}  Qxe4 {[%clk 1:08:17]} 29. fxe4 {[%clk 0:24:41]}  Rfc8 {[%clk 1:05:18]} 30. Kf3 {[%clk 0:18:38]}  Rf8+ {[%clk 1:04:28]} 31. Ke2 {[%clk 0:18:42]}  Kf7 {[%clk 1:03:13]} 32. Rf1+ {[%clk 0:18:21]}  Kg8 {[%clk 1:03:30]} 33. Rxf8+ {[%clk 0:18:10]}  Rxf8 {[%clk 1:03:33]} 34. Ra7 {[%clk 0:17:50]}  Rc8 {[%clk 1:03:23]} 35. Be3 {[%clk 0:17:37]}  Kf8 {[%clk 1:02:53]} 36. Kd3 {[%clk 0:17:11]}  Ke8 {[%clk 1:01:20]} 37. Kc3 {[%clk 0:16:41]}  Kd8 {[%clk 1:01:09]} 38. Kb3 {[%clk 0:16:23]}  Rb8 {[%clk 1:01:20]} 39. Ka4 {[%clk 0:15:01]}  Kc8 {[%clk 1:00:52]} 40. Kb5 {[%clk 0:14:55]}  Kd7 {[%clk 0:59:26]} 41. Bg1 {[%clk 0:06:37]}  Bf8 {[%clk 0:58:35]} 42. Ra3 {[%clk 0:05:58]}  Be7 {[%clk 0:58:51]} 43. Ra7 {[%clk 0:30:12]}  Bf8 {[%clk 1:28:45]} 44. Ka4 {[%clk 0:26:41]}  Kc8 {[%clk 1:28:44]} 45. Kb3 {[%clk 0:25:55]}  Be7 {[%clk 1:28:41]} 46. Ra1 {[%clk 0:23:27]}  Kb7 {[%clk 1:28:35]} 47. Rf1 {[%clk 0:17:44]}  Rf8 {[%clk 1:27:56]} 48. Rf5 {[%clk 0:14:45]}  Ka6 {[%clk 1:24:48]} 49. Kc3 {[%clk 0:14:24]}  Kb7 {[%clk 1:22:05]} 50. Kd3 {[%clk 0:13:45]}  Kc8 {[%clk 1:20:39]} 51. c5 {[%clk 0:11:03]}  bxc5 {[%clk 1:20:56]} 52. bxc5 {[%clk 0:11:27]}  Kd7 {[%clk 1:19:46]} 53. Kc4 {[%clk 0:10:18]}  Kc8 {[%clk 1:18:35]} 54. Kb5 {[%clk 0:07:44]}  Kd7 {[%clk 1:18:43]} 55. cxd6 {[%clk 0:07:12]}  cxd6 {[%clk 1:18:46]} 56. Bb6 {[%clk 0:06:59]}  Rf6 {[%clk 1:18:47]} 57. Ka6 {[%clk 0:06:48]}  Rf8 {[%clk 1:18:43]} 58. Kb7 {[%clk 0:06:46]}  Rf6 {[%clk 1:18:59]} 59. Be3 {[%clk 0:06:18]}  Rf8 {[%clk 1:16:07]} 60. Rf2 {[%clk 0:01:17]}  Rxf2 {[%clk 1:16:00]} 61. Bxf2 {[%clk 0:01:45]}  Bd8 {[%clk 1:14:54]} 62. Be3 {[%clk 0:01:49]}  Bf6 {[%clk 1:14:54]} 63. Bd2 {[%clk 0:01:09]}  Bd8 {[%clk 1:14:12]} 64. Bb4 {[%clk 0:01:17]} 1/2-1/2